000 02778nam a22003017a 4500
003 URS
005 20251023134435.0
008 250904b ||||| |||| 00| 0 eng d
040 _cURS
043 _aURS
245 _aModified Car Creeper with tool Holder and Detachable Solar Light
_b/ Sison, Jade Rowie C.... [et al.].
260 _cMay 2024
300 _a100 leaves :
_billustrations ;
_c28 cm.
336 _2rdacontent
_atext
337 _2rdamedia
_aunmediated
338 _2rdacarrier
_avolume
502 _aThesis
_bBachelor of Technology Major in Automotive
_cUniversity of Rizal System-Morong
_d2024
520 _aEXECUTIVE SUMMARY The study was conducted by the Bachelor of Technology Major in Automotive Technology students at the University of Rizal System, Morong Campus during the Academic Year 2023-2024. The study focused on the development of Modified Car Creeper with Tool Holder and Detachable Solar Light, which can be used in automotive production, specifically in working underneath a vehicle. The research used developmental and descriptive methods of research. The research instrument used in this study was an adapted questionnaire-checklist assessing the level of acceptability in terms of design, functionality, durability, usefulness, safety and maintenance. There were five (5) professors as experts and ten (10) auto-mechanics as experts and fifteen (15) 4th year automotive college students as end-users, They were chosen as respondents purposively because of their availability and also because they have the necessary knowledge about the study for the evaluation of the device. The findings of the study showed the level of the acceptability of the Modified Car Creeper with Tool Holder and Detachable Solar Light in terms of Design, Functionality, Durability, Usefulness, Safety and Maintenance, the result was “Very Much Acceptable”. In conclusion, the Modified Car Creeper with Tool Holder and Detachable Solar Light is seen as better in terms of design, functional, usefulness, and safety and maintenance compared to ordinary car creepers. Modified Car Creeper with Tool Holder and Detachable Solar Light is very much acceptable, as it offers better operation with a variety of features that sustained and solved the problem.
700 _aSison, Jade Rowie C.
_eauthor
700 _aDiolata, Richard
_eauthor
700 _aIson, Jeremie Allen C.
_eauthor
700 _aTanawan, Mark Amiel M.
_eauthor
700 _aRodriguez, John Rafael L.
_eauthor
700 _aSan Juan, Verlee B.
_edegree supervisor
856 _3Online Request for Student Unpublished Works
_uhttps://forms.gle/7LqvGGkaDrUQqz429
856 _uhttps://drive.google.com/file/d/16XYHz2uZrl9aEjWfBa30l2ME0hcHV6fW/view?usp=drive_link
942 _2lcc
_cT
999 _c85905
_d85903